Adi Shankara Advaita and You/ (Record no. 216442)

MARC details
000 -LEADER
fixed length control field 00577nam a22001937a 4500
005 - DATE AND TIME OF LATEST TRANSACTION
control field 20260602104646.0
010 ## - LCCN (DPL NO)
LC control number ENG-148692
020 ## - INTERNATIONAL STANDARD BOOK NUMBER
International Standard Book Number 9789349042056
Terms of availability 599.00
035 ## - SYSTEM CONTROL NUMBER
System control number EN-132224
037 ## - SOURCE OF ACQUISITION
Source of stock number/acquisition DBAD
082 ## - DEWEY DECIMAL CLASSIFICATION NUMBER
Classification number 181.499
Edition number 1
100 ## - MAIN ENTRY--PERSONAL NAME
Personal name Puri, Suparna Sarawati
245 ## - TITLE STATEMENT
Title Adi Shankara Advaita and You/
Statement of responsibility, etc Suparna Sarawati Puri
250 ## - EDITION STATEMENT
Edition statement 1
260 ## - PUBLICATION, DISTRIBUTION, ETC. (IMPRINT)
Place of publication, distribution, etc Chandigarh
Name of publisher, distributor, etc The Browser
Date of publication, distribution, etc 2025
270 ## - ADDRESS
City Chandigarh
Address SCO 14-15, Sector 8-C
Postal code 160009
Electronic mail address service@thebrowser.org
300 ## - PHYSICAL DESCRIPTION
Extent 126p.
Dimensions 23cm(hb)
942 ## - ADDED ENTRY ELEMENTS (KOHA)
Source of classification or shelving scheme Dewey Decimal Classification
Item type English Books
Classification part 181.499
Call number suffix PUR
Holdings
Withdrawn status Lost status Not for loan Collection code Home library Current library Date acquired Source of acquisition Cost, normal purchase price Full call number Barcode Copy number Cost, replacement price Koha item type
    Not For Loan Non-fiction D.B.Act.Division D.B.Act.Division 02/06/2026 Delivery of Books Act Division 599.00 181.499 PUR EN-132224 1 599.00 English Books

© Delhi Public Library
Hit Counter
free hit counter